Descriptive illustrated particulars, with plan of the historical property known as Pope's Villa, surrounded by ornamental grounds...the whole property comprising an area of about five acres...which will be sold at auction by Messrs. E. amd H. Lumley at the Mart, Tokenhouse Yard, E.C. on Tuesday the 28th day of May 1878... (Record no. 116481)

MARC details
000 -LEADER
fixed length control field 00874cam a22001935a 4500
001 - CONTROL NUMBER
control field L140787
008 - FIXED-LENGTH DATA ELEMENTS--GENERAL INFORMATION
fixed length control field 071011s1878 xxk eng u
035 ## - SYSTEM CONTROL NUMBER
System control number (Sirsi) u140787
041 0# - LANGUAGE CODE
Language code of text/sound track or separate title eng
110 1# - MAIN ENTRY--CORPORATE NAME
Corporate name or jurisdiction name as entry element E and H Lumley
245 00 - TITLE STATEMENT
Title Descriptive illustrated particulars, with plan of the historical property known as Pope's Villa, surrounded by ornamental grounds...the whole property comprising an area of about five acres...which will be sold at auction by Messrs. E. amd H. Lumley at the Mart, Tokenhouse Yard, E.C. on Tuesday the 28th day of May 1878...
260 ## - PUBLICATION, DISTRIBUTION, ETC.
Place of publication, distribution, etc. S.l.
Name of publisher, distributor, etc. s.n.
Date of publication, distribution, etc. [1878]
Place of manufacture (London
Manufacturer T. Pettitt and Co.)
300 ## - PHYSICAL DESCRIPTION
Extent [22] p.
Other physical details col. map
Dimensions 44 cm., folded to 29 x 23 cm.
340 ## - PHYSICAL MEDIUM
Material base and configuration Printed
351 ## - ORGANIZATION AND ARRANGEMENT OF MATERIALS
Hierarchical level Single item
651 4# - SUBJECT ADDED ENTRY--GEOGRAPHIC NAME
Geographic name Middlesex
690 ## - LOCAL SUBJECT ADDED ENTRY--TOPICAL TERM (OCLC, RLIN)
Topical term or geographic name as entry element PROPERTY-PROPERTY ACQUISITION AND DISPOSAL-ACQUISITION AND DISPOSAL AT AUCTION
942 ## - ADDED ENTRY ELEMENTS (KOHA)
Suppress in OPAC 0
Holdings
Withdrawn status Lost status Source of classification or shelving scheme Damaged status Not for loan Home library Current library Shelving location Date acquired Total Checkouts Full call number Barcode Date last seen Copy number Price effective from Koha item type
    Dewey Decimal Classification     London London Basement 11/10/2007   BASEMENT BOX 1 30013148 06/08/2019 1 06/08/2019 Archive